000
00284nam a22000977a 4500
008
240419b |||||||| |||| 00| 0 eng d
020
_a
9789359580937
100
_a
Oswaal
_9
7599
245
_a
CTET 15 Solved Papers-Paper-II (Social Studies) (2013-2023)
260
_a
Agra
_b
Oswaal Books
_c
2024
999
_c
12574
_d
12574